[Event "9th EUROPEAN  INDIVIDUAL  WOME"]
[Site "Plovdiv, Bulgaria"]
[Date "2008.04.24"]
[Round "4"]
[Board "1"]
[White "Ushenina, Anna"]
[Black "Lomineishvili, Maia"]
[Result "1/2-1/2"]
[WhiteElo "2474"]
[BlackElo "2400"]
[PlyCount "81"]
[EventDate "2008.04.21"]
[EventRounds "11"]
[EventCountry "BUL"]

1.e4 c5 2.Nf3 d6 3.d4 cxd4 4.Nxd4 Nf6 5.Nc3 Nc6 6.Bg5 e6 7.Qd2 Qb6 8.Nb3 Be7
9.f3 a6 10.O-O-O O-O 11.g4 Qc7 12.h4 b5 13.Be3 Nd7 14.g5 Nb6 15.Kb1 Ne5 16.Qf2
Nec4 17.Bxc4 Nxc4 18.Bc1 b4 19.Ne2 a5 20.f4 Bd7 21.f5 Rfc8 22.Nf4 a4 23.Nd4 b3
24.fxe6 fxe6 25.Rhf1 Qb7 26.Ka1 a3 27.cxb3 axb2+ 28.Bxb2 Nxb2 29.Qxb2 d5 30.exd5
e5 31.Nde6 Bxe6 32.Nxe6 Ba3 33.Qf2 Bb4 34.h5 e4 35.d6 Bc3+ 36.Kb1 Qxb3+ 37.axb3
Ra1+ 38.Kc2 Ra2+ 39.Kb1 Ra1+ 40.Kc2 Ra2+ 41.Kb1

[Event "9th EUROPEAN  INDIVIDUAL  WOME"]
[Site "Plovdiv, Bulgaria"]
[Date "2008.04.24"]
[Round "4"]
[Board "1"]
[White "Muzychuk, Mariya"]
[Black "Zhukova, Natalia"]
[Result "1/2-1/2"]
[WhiteElo "2387"]
[BlackElo "2450"]
[PlyCount "112"]
[EventDate "2008.04.21"]
[EventRounds "11"]
[EventCountry "BUL"]

1.e4 e6 2.d4 d5 3.exd5 exd5 4.Nf3 Bd6 5.h3 Nf6 6.Bd3 O-O 7.O-O c5 8.dxc5 Bxc5
9.Nbd2 Nc6 10.Nb3 Bb6 11.c3 Ne4 12.Nbd4 Nxd4 13.Nxd4 Bxd4 14.cxd4 Qb6 15.Bc2 Be6
16.Bb3 Nd6 17.Be3 a5 18.Rc1 Rfd8 19.Re1 Nc4 20.Re2 Qd6 21.a4 Rac8 22.Bc2 Qb4
23.Rb1 Nd6 24.Bd3 Bf5 25.Bxf5 Nxf5 26.Bd2 Qb6 27.Bc3 Qg6 28.Kh1 Re8 29.Rxe8+
Rxe8 30.Rc1 b6 31.b4 axb4 32.Bxb4 h5 33.Rc3 Re4 34.Rd3 h4 35.a5 bxa5 36.Bxa5 Qe6
37.Bc3 Nd6 38.Rf3 Nb5 39.Qd3 Qb6 40.Re3 Rxe3 41.Qxe3 Nd6 42.Be1 Qb1 43.Kh2 Ne4
44.f4 Nd6 45.Bxh4 Qe4 46.Qxe4 dxe4 47.g4 f5 48.Be7 Nc4 49.Kg3 Kf7 50.Bc5 Ne3
51.d5 Nxd5 52.gxf5 e3 53.Kf3 e2 54.Kxe2 Nxf4+ 55.Kf3 Nxh3 56.Kg4 g6

[Event "9th EUROPEAN  INDIVIDUAL  WOME"]
[Site "Plovdiv, Bulgaria"]
[Date "2008.04.24"]
[Round "4"]
[Board "1"]
[White "Paehtz, Elisabeth"]
[Black "Repkova, Eva"]
[Result "1/2-1/2"]
[WhiteElo "2449"]
[BlackElo "2381"]
[PlyCount "39"]
[EventDate "2008.04.21"]
[EventRounds "11"]
[EventCountry "BUL"]

1.g3 d5 2.Bg2 Nf6 3.d3 e5 4.Nf3 Bd6 5.Nc3 O-O 6.O-O Re8 7.e4 dxe4 8.dxe4 c6
9.Qe2 Qc7 10.Bg5 Nbd7 11.Rad1 h6 12.Be3 Bb4 13.Nb1 Bc5 14.Bc1 Nf8 15.Nbd2 b5
16.Nh4 Bg4 17.Bf3 Bh3 18.Bg2 Bg4 19.Bf3 Bh3 20.Bg2

[Event "9th EUROPEAN  INDIVIDUAL  WOME"]
[Site "Plovdiv, Bulgaria"]
[Date "2008.04.24"]
[Round "4"]
[Board "1"]
[White "Ciuksyte, Dagne"]
[Black "Dzagnidze, Nana"]
[Result "0-1"]
[WhiteElo "2380"]
[BlackElo "2443"]
[PlyCount "76"]
[EventDate "2008.04.21"]
[EventRounds "11"]
[EventCountry "BUL"]

1.e4 c5 2.Nf3 e6 3.d4 cxd4 4.Nxd4 a6 5.Bd3 Bc5 6.Nb3 Be7 7.Qg4 g6 8.Qe2 Nc6
9.O-O d6 10.c4 Ne5 11.Nc3 Qc7 12.f4 Nxd3 13.Qxd3 Nf6 14.Be3 Bd7 15.Bd4 O-O 16.e5
dxe5 17.fxe5 Ng4 18.Ne4 f5 19.Nec5 Rfd8 20.h3 Nxe5 21.Qg3 Bd6 22.Nxb7 Nxc4
23.Nxd6 Qxd6 24.Qh4 e5 25.Bc5 Qe6 26.Rad1 f4 27.Rf3 Re8 28.Nd2 Qd5 29.Bb4 Nxb2
30.Ne4 Qxd1+ 31.Kh2 Re6 32.Ng5 h5 33.Nxe6 Bxe6 34.Qf6 Bf7 35.Qxe5 Nc4 36.Qxf4
Qd5 37.Kh1 Ne5 38.Rf1 Nd3

[Event "9th EUROPEAN  INDIVIDUAL  WOME"]
[Site "Plovdiv, Bulgaria"]
[Date "2008.04.24"]
[Round "4"]
[Board "1"]
[White "Stepovaia, Tatiana"]
[Black "Matveeva, Svetlana"]
[Result "1/2-1/2"]
[WhiteElo "2378"]
[BlackElo "2420"]
[PlyCount "46"]
[EventDate "2008.04.21"]
[EventRounds "11"]
[EventCountry "BUL"]

1.e4 e6 2.d4 d5 3.Nc3 Nf6 4.Bg5 dxe4 5.Nxe4 Nbd7 6.Nf3 h6 7.Nxf6+ Nxf6 8.Bxf6
Qxf6 9.Bb5+ c6 10.Bd3 Bd7 11.Ne5 Bd6 12.Qe2 O-O-O 13.O-O c5 14.c3 Kb8 15.Rac1
Bc8 16.a4 Bc7 17.Qe4 Bxe5 18.dxe5 Qf5 19.Rfd1 Qxe4 20.Bxe4 Kc7 21.f4 Bd7 22.Bc2
Bc6 23.a5 Rd5

[Event "9th EUROPEAN  INDIVIDUAL  WOME"]
[Site "Plovdiv, Bulgaria"]
[Date "2008.04.24"]
[Round "4"]
[Board "1"]
[White "Khukhashvili, Sopiko"]
[Black "Mkrtchian, Lilit"]
[Result "1/2-1/2"]
[WhiteElo "2371"]
[BlackElo "2413"]
[PlyCount "44"]
[EventDate "2008.04.21"]
[EventRounds "11"]
[EventCountry "BUL"]

1.e4 e6 2.d4 d5 3.exd5 exd5 4.Nf3 Nc6 5.c3 Bd6 6.Bd3 Nge7 7.Qc2 Bg4 8.Nbd2 Qd7
9.O-O O-O-O 10.b4 Kb8 11.b5 Na5 12.Ne5 Bxe5 13.dxe5 Bf5 14.Ba3 Nc4 15.Bxe7 Bxd3
16.Qxd3 Qxe7 17.Nxc4 dxc4 18.Qxc4 Qxe5 19.Qxf7 Rhf8 20.Qb3 Qc5 21.Rad1 Rxd1
22.Qxd1 Qxb5

[Event "9th EUROPEAN  INDIVIDUAL  WOME"]
[Site "Plovdiv, Bulgaria"]
[Date "2008.04.24"]
[Round "4"]
[Board "1"]
[White "Vajda, Szidonia"]
[Black "Gvetadze, Sopio"]
[Result "1/2-1/2"]
[WhiteElo "2413"]
[BlackElo "2350"]
[PlyCount "78"]
[EventDate "2008.04.21"]
[EventRounds "11"]
[EventCountry "BUL"]

1.e4 c5 2.c3 g6 3.d4 cxd4 4.cxd4 d5 5.exd5 Nf6 6.Nc3 Nxd5 7.Qb3 Nb6 8.Bb5+ Bd7
9.a4 Nc6 10.Nf3 Be6 11.Qd1 a6 12.Bxc6+ bxc6 13.a5 Nc8 14.Qa4 Na7 15.Ne5 Bd5
16.Nxd5 Qxd5 17.O-O Bg7 18.Be3 Rb8 19.Rfc1 Rb5 20.Nd3 O-O 21.Nb4 Qd6 22.Nxa6
Rxb2 23.Rc4 Ra8 24.Rac1 Bf8 25.Nb4 Qd8 26.Qa3 Re2 27.Kf1 Rxe3 28.Qxe3 Qxa5
29.Nxc6 Nxc6 30.Rxc6 Rd8 31.R6c5 Qa4 32.d5 Qa8 33.Qc3 Qb8 34.g3 e6 35.Rc8 Qb5+
36.Qc4 Rxc8 37.Qxb5 Rxc1+ 38.Kg2 Rc5 39.Qb8 Rxd5

[Event "9th EUROPEAN  INDIVIDUAL  WOME"]
[Site "Plovdiv, Bulgaria"]
[Date "2008.04.24"]
[Round "4"]
[Board "1"]
[White "Kazimova, Narmin"]
[Black "Melia, Salome"]
[Result "1-0"]
[WhiteElo "2071"]
[BlackElo "2413"]
[PlyCount "133"]
[EventDate "2008.04.21"]
[EventRounds "11"]
[EventCountry "BUL"]

1.c4 e6 2.Nf3 Nf6 3.g3 a6 4.Bg2 b5 5.cxb5 axb5 6.Nd4 c6 7.Nxb5 cxb5 8.Bxa8 d5
9.a4 Qa5 10.Qc2 Bd7 11.Bb7 b4 12.O-O Bd6 13.d3 Qa7 14.Bc8 Bc6 15.e4 O-O 16.Be3
Qc7 17.Bg5 Rxc8 18.Bxf6 gxf6 19.Qe2 Nd7 20.Nd2 Nc5 21.exd5 Bxd5 22.Ne4 Be7
23.Rac1 Qb7 24.Qg4+ Kh8 25.Qh5 Nxe4 26.Rxc8+ Qxc8 27.dxe4 Bxe4 28.Qxf7 Qd7
29.Re1 Bd5 30.a5 Qd8 31.Rd1 Qf8 32.Qxf8+ Bxf8 33.Rc1 Bd6 34.Rc8+ Kg7 35.a6 Be5
36.Rd8 Bd4 37.a7 Bxa7 38.Rd7+ Kg6 39.Rxa7 b3 40.Kf1 h5 41.Ke2 Kf5 42.Ra4 e5
43.Kd3 Bf3 44.Kd2 Be4 45.Rb4 Bc2 46.f3 Kg5 47.h4+ Kg6 48.Rc4 Bf5 49.Rc7 Be6
50.Ke3 Bd5 51.Rd7 Bc4 52.Rc7 Bd5 53.Rc5 Be6 54.Rc6 Bd5 55.Rd6 Bc4 56.g4 hxg4
57.fxg4 Kg7 58.Ke4 Bg8 59.Rd7+ Kg6 60.h5+ Kh6 61.Kf5 e4 62.Kxf6 Bc4 63.Rd8 Kh7
64.g5 Bg8 65.Re8 Kh8 66.Rxe4 Bh7 67.g6

[Event "9th EUROPEAN  INDIVIDUAL  WOME"]
[Site "Plovdiv, Bulgaria"]
[Date "2008.04.24"]
[Round "4"]
[Board "1"]
[White "Batsiashvili, Nino"]
[Black "Danielian, Elina"]
[Result "0-1"]
[WhiteElo "2304"]
[BlackElo "2479"]
[PlyCount "74"]
[EventDate "2008.04.21"]
[EventRounds "11"]
[EventCountry "BUL"]

1.d4 d5 2.Nf3 Nf6 3.c4 dxc4 4.e3 e6 5.Bxc4 a6 6.a4 c5 7.O-O Nc6 8.Qe2 cxd4 9.Rd1
Be7 10.exd4 O-O 11.Nc3 Nb4 12.Ne5 Nfd5 13.Ne4 b6 14.Ra3 f5 {Diagram #} 15.Rh3
Qe8 16.Ng5 h6 17.Ngf3 Bd6 18.Bb3 Ra7 19.Nd3 Rc7 20.Nxb4 Bxb4 21.Ne5 Bb7 22.Rg3
Kh7 23.h4 Bd6 24.h5 b5 25.axb5 Qxb5 26.Qd2 Re8 27.Rf1 Nf6 28.Qd1 Bd5 29.Bf4 Rb8
30.Ba4 Qxb2 31.Nd3 Qb6 32.Bxd6 Qxd6 33.Nc5 Ne4 34.Nxe4 Bxe4 35.Rb3 Bc2 36.Rxb8
Bxd1 37.Rxd1 Rc4

[Event "9th EUROPEAN  INDIVIDUAL  WOME"]
[Site "Plovdiv, Bulgaria"]
[Date "2008.04.24"]
[Round "4"]
[Board "1"]
[White "Voiska, Margarita"]
[Black "Cramling, Pia"]
[Result "0-1"]
[WhiteElo "2339"]
[BlackElo "2539"]
[PlyCount "88"]
[EventDate "2008.04.21"]
[EventRounds "11"]
[EventCountry "BUL"]

1.d4 Nf6 2.Nf3 e6 3.g3 d5 4.Bg2 b5 5.O-O Nbd7 6.Bg5 Be7 7.Qd3 a6 8.Nbd2 Bb7
9.Nb3 c5 10.Nxc5 Nxc5 11.dxc5 Bxc5 12.Nd4 O-O 13.c3 h6 14.Bxf6 Qxf6 15.Nb3 Bb6
16.a4 Bc6 17.a5 Ba7 18.Nd4 Bb7 19.e3 Rac8 20.Rfd1 Rc4 21.Nc2 Rd8 22.Qe2 g6
23.Rd2 Kg7 24.Na3 Rcc8 25.Nc2 Bb8 26.Rad1 Bc7 27.e4 dxe4 28.Bxe4 Qe5 29.Bf3 Qxe2
30.Bxe2 Bxa5 31.Rxd8 Rxd8 32.Rxd8 Bxd8 33.c4 Be4 34.Ne3 b4 35.f3 Bc6 36.Nc2 a5
37.Kf2 Bb6+ 38.Kf1 b3 39.Ne1 Bd4 40.Nd3 a4 41.Bd1 Bb7 42.c5 Ba6 43.Be2 Bxb2
44.Nxb2 a3

[Event "9th EUROPEAN  INDIVIDUAL  WOME"]
[Site "Plovdiv, Bulgaria"]
[Date "2008.04.24"]
[Round "4"]
[Board "1"]
[White "Sedina, Elena"]
[Black "Socko, Monika"]
[Result "1/2-1/2"]
[WhiteElo "2356"]
[BlackElo "2505"]
[PlyCount "78"]
[EventDate "2008.04.21"]
[EventRounds "11"]
[EventCountry "BUL"]

1.e4 e6 2.f4 d5 3.e5 c5 4.Nf3 Ne7 5.c3 Nbc6 6.Na3 Nf5 7.Nc2 Bd7 8.Bd3 g6 9.O-O
h5 10.Bxf5 gxf5 11.d4 Qc7 12.Be3 c4 13.Bf2 O-O-O 14.b3 Ne7 15.Bh4 Kb8 16.Bf6 Rh6
17.b4 Rc8 18.Bg5 Rh7 19.Bf6 Be8 20.a4 Ng8 21.Bg5 Be7 22.Qe1 Qd7 23.Qh4 Bf8 24.h3
Ne7 25.Qf2 Nc6 26.Rfd1 Ka8 27.Ne3 Ne7 28.Nf1 Ng6 29.Nh4 Ne7 30.Nf3 Bg7 31.Ne3
Rh8 32.Re1 Ng6 33.Nh4 Nf8 34.Nf3 Rg8 35.Kh2 Qc7 36.Kh1 Bh8 37.Nf1 Bg7 38.Ng3 Rh8
39.Ne2 Ng6

[Event "9th EUROPEAN  INDIVIDUAL  WOME"]
[Site "Plovdiv, Bulgaria"]
[Date "2008.04.24"]
[Round "4"]
[Board "1"]
[White "Hoang, Thanh Trang"]
[Black "Gara, Anita"]
[Result "1-0"]
[WhiteElo "2477"]
[BlackElo "2331"]
[PlyCount "87"]
[EventDate "2008.04.21"]
[EventRounds "11"]
[EventCountry "BUL"]

1.d4 d5 2.c4 e6 3.Nf3 c5 4.cxd5 exd5 5.Nc3 Nc6 6.g3 Nf6 7.Bg2 Be7 8.O-O O-O
9.Bg5 cxd4 10.Nxd4 h6 11.Be3 Re8 12.Qa4 Bd7 13.Rad1 Nb4 14.Qb3 a5 15.a4 Rc8
16.Ndb5 Be6 17.Bd4 Bc5 18.e3 Bxd4 19.Nxd4 Bg4 20.Bf3 Bxf3 21.Nxf3 Qd7 22.Kg2 Qf5
23.Rd4 g5 24.Qd1 Rc5 25.Qb1 Ne4 26.Nd2 Nc6 27.Ndxe4 dxe4 28.Rxe4 Rxe4 29.Nxe4
Rc4 30.Nc3 Qf6 31.f4 g4 32.Qd3 Rb4 33.Rf2 Qe6 34.Rd2 f5 35.Kf2 Kg7 36.Qc2 Ne7
37.Nb5 h5 38.Qc7 Rb3 39.Nd6 Kg6 40.Nc4 Nd5 41.Ne5+ Kh6 42.Qd8 Nf6 43.Qh8+ Nh7
44.Nf7+

[Event "9th EUROPEAN  INDIVIDUAL  WOME"]
[Site "Plovdiv, Bulgaria"]
[Date "2008.04.24"]
[Round "4"]
[Board "1"]
[White "Pogonina, Natalija"]
[Black "Kochetkova, Julia"]
[Result "1-0"]
[WhiteElo "2470"]
[BlackElo "2316"]
[PlyCount "115"]
[EventDate "2008.04.21"]
[EventRounds "11"]
[EventCountry "BUL"]

1.e4 c5 2.Nf3 Nc6 3.d4 cxd4 4.Nxd4 Nf6 5.Nc3 e5 6.Ndb5 d6 7.a4 a6 8.Na3 Bg4 9.f3
Be6 10.Bc4 Rc8 11.O-O Nb4 12.Nd5 Nbxd5 13.exd5 Bd7 14.Bb3 Be7 15.Be3 O-O 16.Nc4
Bf5 17.Nb6 Rb8 18.a5 Nd7 19.Qd2 Nxb6 20.Bxb6 Qd7 21.Ba4 Qc8 22.Qb4 Bd7 23.Bb3
Ra8 24.f4 exf4 25.Rxf4 Be8 26.Rc4 Qf5 27.Rc7 Bf6 28.Rf1 Qg5 29.Rxb7 Bxb2 30.Qxd6
Be5 31.Qe7 Qh5 32.h3 Bb5 33.c4 Rae8 34.Qb4 Qh4 35.Bf2 Qf4 36.g3 Qf3 37.Bd1 Qe4
38.Re1 Qxc4 39.Qxc4 Bxc4 40.Ba4 Rb8 41.Rxb8 Bxb8 42.Bc5 Bxg3 43.Rc1 Bxd5 44.Bxf8
Kxf8 45.Bc6 Be6 46.Bb7 Bf4 47.Rc2 Bf5 48.Rc6 Bd2 49.Rxa6 Bxh3 50.Ra8+ Ke7 51.a6
Be6 52.Kf2 Bb4 53.Ke3 h5 54.Kd4 Be1 55.a7 Bf2+ 56.Ke5 Bc5 57.Re8+ Kxe8 58.a8=Q+

[Event "9th EUROPEAN  INDIVIDUAL  WOME"]
[Site "Plovdiv, Bulgaria"]
[Date "2008.04.24"]
[Round "4"]
[Board "1"]
[White "Javakhishvili, Lela"]
[Black "Sharevich, Anna"]
[Result "1-0"]
[WhiteElo "2466"]
[BlackElo "2311"]
[PlyCount "75"]
[EventDate "2008.04.21"]
[EventRounds "11"]
[EventCountry "BUL"]

1.e4 c5 2.Nf3 e6 3.d4 cxd4 4.Nxd4 a6 5.Bd3 Nf6 6.Qe2 d6 7.O-O Qc7 8.c4 g6 9.Nc3
Bg7 10.Be3 O-O 11.Rac1 Nbd7 12.f3 b6 13.Rfd1 Bb7 14.Qf2 Ne5 15.Bf1 Nfd7 16.b4
Rac8 17.Na4 Qb8 18.Nb3 f5 19.exf5 Rxf5 20.Nd4 Ng4 21.Qe1 Bxd4 22.Bxd4 Nge5
23.Qe3 Rcf8 24.Be2 Qe8 25.Rf1 Nc6 26.Bb2 b5 27.cxb5 axb5 28.Nc3 Nxb4 29.Qd4 Nc6
30.Qxd6 Nce5 31.Nxb5 Nf7 32.Qd4 e5 33.Qa7 Qb8 34.Rc7 Bc8 35.Rfc1 Qb6+ 36.Qxb6
Nxb6 37.R1c6 Na4 38.Ba3

[Event "9th EUROPEAN  INDIVIDUAL  WOME"]
[Site "Plovdiv, Bulgaria"]
[Date "2008.04.24"]
[Round "4"]
[Board "1"]
[White "Skripchenko, Almira"]
[Black "Paulet, Iozefina"]
[Result "1-0"]
[WhiteElo "2443"]
[BlackElo "2308"]
[PlyCount "39"]
[EventDate "2008.04.21"]
[EventRounds "11"]
[EventCountry "BUL"]

1.e4 c5 2.Nf3 d6 3.c3 Nf6 4.h3 e6 5.Bd3 d5 6.e5 Nfd7 7.Bc2 b6 8.O-O Ba6 9.Re1
Nc6 10.d4 cxd4 11.Nxd4 Nxd4 12.cxd4 Rc8 13.Nc3 Bc4 14.Bd2 h6 15.Qg4 Ba6 16.Rac1
b5 17.Bg6 {Diagram #} Nb6 18.Qxe6+ Qe7 19.Bxf7+ Kd8 20.Nxd5

[Event "9th EUROPEAN  INDIVIDUAL  WOME"]
[Site "Plovdiv, Bulgaria"]
[Date "2008.04.24"]
[Round "4"]
[Board "1"]
[White "Demina, Julia"]
[Black "Ovod, Evgenija"]
[Result "1/2-1/2"]
[WhiteElo "2337"]
[BlackElo "2437"]
[PlyCount "58"]
[EventDate "2008.04.21"]
[EventRounds "11"]
[EventCountry "BUL"]

1.d4 Nf6 2.c4 e6 3.Nc3 Bb4 4.g3 c5 5.Nf3 Ne4 6.Qd3 Bxc3+ 7.bxc3 f5 8.Nd2 Nxd2
9.Bxd2 d6 10.Bg2 Nd7 11.e4 fxe4 12.Qxe4 Nf6 13.Qe3 Qc7 14.O-O O-O 15.Rab1 cxd4
16.Qxd4 e5 17.Qd3 Rb8 18.Be3 b6 19.Rfd1 Be6 20.Qxd6 Qxd6 21.Rxd6 Bxc4 22.a3 Rfd8
23.Rbd1 Rxd6 24.Rxd6 Rc8 25.f4 exf4 26.Bxf4 Kf7 27.Rc6 Rxc6 28.Bxc6 Nd5 29.Bxd5+
Bxd5

[Event "9th EUROPEAN  INDIVIDUAL  WOME"]
[Site "Plovdiv, Bulgaria"]
[Date "2008.04.24"]
[Round "4"]
[Board "1"]
[White "Bojkovic, Natasa"]
[Black "Juergens, Vera"]
[Result "1/2-1/2"]
[WhiteElo "2434"]
[BlackElo "2302"]
[PlyCount "73"]
[EventDate "2008.04.21"]
[EventRounds "11"]
[EventCountry "BUL"]

1.e4 d6 2.d4 g6 3.Nc3 Bg7 4.Be3 c6 5.Nf3 Nf6 6.h3 O-O 7.a4 Nbd7 8.a5 Qc7 9.Bd3
e5 10.dxe5 dxe5 11.Bc4 h6 12.O-O Nh5 13.Bb3 Ndf6 14.Qe2 Qe7 15.Qc4 Nd7 16.Na4
Qf6 17.Nh2 Nf4 18.Kh1 h5 19.Qb4 Re8 20.Rad1 Bf8 21.Qd2 Be7 22.f3 Nf8 23.Qf2 Bb4
24.Bxa7 Bxa5 25.Bb6 Be6 26.Bxe6 N8xe6 27.Rd7 Re7 28.Rdd1 Ree8 29.Rd7 Re7 30.Rdd1
Ree8 31.b3 Bxb6 32.Nxb6 Rad8 33.Nd7 Qg7 34.Nb6 Qf6 35.Nd7 Qg7 36.Nb6 Qf6 37.Nd7

[Event "9th EUROPEAN  INDIVIDUAL  WOME"]
[Site "Plovdiv, Bulgaria"]
[Date "2008.04.24"]
[Round "4"]
[Board "1"]
[White "Djingarova, Emilia"]
[Black "Dembo, Yelena"]
[Result "0-1"]
[WhiteElo "2301"]
[BlackElo "2429"]
[PlyCount "114"]
[EventDate "2008.04.21"]
[EventRounds "11"]
[EventCountry "BUL"]

1.d4 Nf6 2.c4 g6 3.Nf3 Bg7 4.g3 O-O 5.Bg2 d6 6.O-O Nc6 7.Nc3 a6 8.Qd3 Nb4 9.Qd1
Nc6 10.Qd3 Bg4 11.h3 Bxf3 12.Bxf3 Nd7 13.Be3 e5 14.d5 Ne7 15.Bg2 f5 16.f4 Kh8
17.Qd2 Ng8 18.b4 Qe7 19.Rac1 Ngf6 20.c5 Nh5 21.c6 bxc6 22.dxc6 Ndf6 23.Bf2 Bh6
24.Nd5 Nxd5 25.Qxd5 exf4 26.Bd4+ Bg7 27.gxf4 Ng3 28.Bxg7+ Kxg7 29.Qd4+ Qf6
30.Qxf6+ Rxf6 31.Rfe1 Re6 32.Bf3 Rae8 33.Rc2 Re3 34.Kf2 Nh5 35.Bxh5 gxh5 36.b5
axb5 37.Rb1 Rxh3 38.Rxb5 Kf6 39.Rb7 Re7 40.a4 Ra3 41.Ra7 Rg7 42.Ra8 h4 43.Rf8+
Ke6 44.Re8+ Kd5 45.Rf8 h3 46.Rxf5+ Ke6 47.Rg5 Rxg5 48.fxg5 Rxa4 49.Rc3 Rh4
50.Kg1 Rg4+ 51.Kh2 Rxg5 52.Kxh3 Re5 53.Rg3 Kd5 54.Rg7 Kxc6 55.Rxh7 Rxe2 56.Kg3
d5 57.Kf3 Re6

[Event "9th EUROPEAN  INDIVIDUAL  WOME"]
[Site "Plovdiv, Bulgaria"]
[Date "2008.04.24"]
[Round "4"]
[Board "1"]
[White "Shaidullina, Sandugach"]
[Black "Rajlich, Iweta"]
[Result "0-1"]
[WhiteElo "2298"]
[BlackElo "2411"]
[PlyCount "78"]
[EventDate "2008.04.21"]
[EventRounds "11"]
[EventCountry "BUL"]

1.d4 Nf6 2.c4 e6 3.Nc3 Bb4 4.Qc2 c5 5.dxc5 Na6 6.a3 Bxc3+ 7.Qxc3 Nxc5 8.b4 Nce4
9.Qb2 d5 10.f3 Nd6 11.c5 Nf5 12.Bg5 h6 13.Bxf6 Qxf6 14.Qxf6 gxf6 15.e4 dxe4
16.fxe4 Nd4 17.O-O-O e5 18.Bc4 Bg4 19.Rf1 a5 20.h3 Be6 21.Bxe6 fxe6 22.Kb2 axb4
23.axb4 Rg8 24.g4 Ra4 25.Rxf6 Rxb4+ 26.Kc1 Ke7 27.Rf3 Ra8 28.Rc3 Ra1+ 29.Kd2
Rb2+ 30.Kd3 Rd1+ 31.Ke3 Rg2 32.Rc4 Ra1 33.Kd3 Ra3+ 34.Rc3 Rg3+ 35.Kd2 Ra2+
36.Kd1 Rxc3 37.c6 Rd3+ 38.Kc1 Nb3+ 39.Kb1 Rdd2

[Event "9th EUROPEAN  INDIVIDUAL  WOME"]
[Site "Plovdiv, Bulgaria"]
[Date "2008.04.24"]
[Round "4"]
[Board "1"]
[White "Atalik, Ekaterina"]
[Black "Schuurman, Petra"]
[Result "1/2-1/2"]
[WhiteElo "2409"]
[BlackElo "2295"]
[PlyCount "93"]
[EventDate "2008.04.21"]
[EventRounds "11"]
[EventCountry "BUL"]

1.d4 Nf6 2.c4 e6 3.Nc3 Bb4 4.Qc2 O-O 5.a3 Bxc3+ 6.Qxc3 b6 7.Bg5 Bb7 8.e3 h6
9.Bh4 d5 10.Bxf6 gxf6 11.cxd5 Bxd5 12.Nh3 Bb7 13.Nf4 Nd7 14.Rd1 f5 15.Bb5 Nf6
16.Bc6 Bxc6 17.Qxc6 Qd6 18.Rc1 Rac8 19.O-O Rfd8 20.f3 Nd5 21.Nxd5 Qxd5 22.Qxd5
Rxd5 23.Rc4 c5 24.Rfc1 Rcd8 25.dxc5 bxc5 26.R1c2 Rb8 27.Kf2 Rb3 28.Ra4 Rd7
29.Ra5 Rdb7 30.Raxc5 Rxb2 31.Rxb2 Rxb2+ 32.Kg3 Rb3 33.Ra5 Rxe3 34.Rxa7 Kg7 35.a4
Ra3 36.a5 Ra4 37.a6 Kg6 38.Ra8 Kg7 39.a7 f4+ 40.Kg4 Kh7 41.h4 Kg7 42.Kh3 Ra3
43.Kh2 Ra1 44.g3 fxg3+ 45.Kxg3 Ra2 46.Kg4 Ra1 47.Kg3

[Event "9th EUROPEAN  INDIVIDUAL  WOME"]
[Site "Plovdiv, Bulgaria"]
[Date "2008.04.24"]
[Round "4"]
[Board "1"]
[White "Aginian, Nelly"]
[Black "Vasilevich, Irina"]
[Result "1/2-1/2"]
[WhiteElo "2295"]
[BlackElo "2395"]
[PlyCount "64"]
[EventDate "2008.04.21"]
[EventRounds "11"]
[EventCountry "BUL"]

1.e4 e6 2.d4 d5 3.exd5 exd5 4.c4 Nf6 5.Nc3 Bb4 6.Nf3 O-O 7.Bd3 dxc4 8.Bxc4 Bg4
9.Be3 Nd5 10.O-O Bxc3 11.bxc3 c6 12.Bd2 Nd7 13.Rb1 Qc7 14.a4 N7f6 15.h3 Bh5
16.Be2 Ne4 17.Rb3 Rfe8 18.c4 Nxd2 19.Qxd2 Nf4 20.Bd1 Rad8 21.Re1 Rxe1+ 22.Qxe1
h6 23.Bc2 Qd6 24.Re3 Kf8 25.Be4 Bxf3 26.Bxf3 Qxd4 27.Qb4+ Kg8 28.Qxb7 Qxc4
29.Qxc6 Qxc6 30.Bxc6 Rd4 31.Kh2 Ne6 32.Rb3 Rc4

[Event "9th EUROPEAN  INDIVIDUAL  WOME"]
[Site "Plovdiv, Bulgaria"]
[Date "2008.04.24"]
[Round "4"]
[Board "1"]
[White "Houska, Jovanka"]
[Black "Vojinovic, Jovana"]
[Result "1-0"]
[WhiteElo "2390"]
[BlackElo "2217"]
[PlyCount "69"]
[EventDate "2008.04.21"]
[EventRounds "11"]
[EventCountry "BUL"]

1.d4 d5 2.Nf3 Nc6 3.c4 Bg4 4.Nc3 Bxf3 5.exf3 e6 6.cxd5 exd5 7.Bb5 g6 8.O-O Bg7
9.Re1+ Nge7 10.Bxc6+ bxc6 11.Qe2 Qd7 12.Bg5 f6 13.Bf4 Kf7 14.Na4 Rhe8 15.Nc5 Qc8
16.g4 g5 17.Bg3 f5 18.Ne6 h6 19.Nxc7 f4 20.Nxe8 Qxe8 21.Qe6+ Kf8 22.Qd6 fxg3
23.hxg3 Rd8 24.Qc5 Qd7 25.Re3 Rb8 26.Rae1 Bf6 27.Qc2 Kg7 28.Re6 Rh8 29.Qc5 Kf7
30.Rd6 Qb7 31.Ree6 Bg7 32.Rxc6 Nxc6 33.Rxc6 Ke8 34.Rc7 Bf8 35.Rxb7

[Event "9th EUROPEAN  INDIVIDUAL  WOME"]
[Site "Plovdiv, Bulgaria"]
[Date "2008.04.24"]
[Round "4"]
[Board "1"]
[White "Golubenko, Valentina"]
[Black "Kachiani Gersinska, Ketino"]
[Result "1/2-1/2"]
[WhiteElo "2253"]
[BlackElo "2388"]
[PlyCount "57"]
[EventDate "2008.04.21"]
[EventRounds "11"]
[EventCountry "BUL"]

1.d4 Nf6 2.c4 g6 3.Nc3 Bg7 4.e4 d6 5.f4 O-O 6.Nf3 c5 7.d5 e6 8.Be2 exd5 9.cxd5
Bg4 10.O-O Re8 11.h3 Bxf3 12.Bxf3 Nbd7 13.Qc2 a6 14.a4 Rb8 15.a5 b6 16.axb6 Qxb6
17.Qa4 c4+ 18.Kh2 Nc5 19.Qxc4 a5 20.e5 dxe5 21.fxe5 Nfd7 22.e6 fxe6 23.dxe6 Ne5
24.Qh4 Nxf3+ 25.Rxf3 Qxe6 26.Bf4 Rb4 27.Rxa5 Qc6 28.Qf2 Rxf4 29.Qxc5

[Event "9th EUROPEAN  INDIVIDUAL  WOME"]
[Site "Plovdiv, Bulgaria"]
[Date "2008.04.24"]
[Round "4"]
[Board "1"]
[White "Turova, Irina"]
[Black "Isgandarova, Khayala"]
[Result "1-0"]
[WhiteElo "2380"]
[BlackElo "2193"]
[PlyCount "85"]
[EventDate "2008.04.21"]
[EventRounds "11"]
[EventCountry "BUL"]

1.d4 Nf6 2.c4 g6 3.Nc3 Bg7 4.e4 d6 5.f3 O-O 6.Be3 Nc6 7.Nge2 a6 8.Qd2 Rb8 9.Rb1
Bd7 10.b4 e5 11.d5 Ne7 12.g4 Ne8 13.Ng3 b5 14.cxb5 axb5 15.Bd3 c6 16.dxc6 Bxc6
17.O-O Nc7 18.Rfd1 d5 19.exd5 Nexd5 20.Nxd5 Nxd5 21.Bc5 Qh4 22.Bxf8 Bxf8 23.Be4
Rd8 24.Rb3 Bh6 25.Qe1 Rd7 26.Rbd3 Qd8 27.Kh1 Nb6 28.Qc3 Bxe4 29.Nxe4 Rxd3
30.Rxd3 Qh4 31.Ng3 Bf4 32.Kg2 Nc4 33.a4 Qg5 34.axb5 Ne3+ 35.Rxe3 Bxe3 36.h4 Qf4
37.Ne2 Qh6 38.g5 Bxg5 39.hxg5 Qxg5+ 40.Kf1 e4 41.fxe4 Qxb5 42.Qc8+ Kg7 43.Qc5

[Event "9th EUROPEAN  INDIVIDUAL  WOME"]
[Site "Plovdiv, Bulgaria"]
[Date "2008.04.24"]
[Round "4"]
[Board "1"]
[White "Butuc, Maria"]
[Black "Kovanova, Baira"]
[Result "1/2-1/2"]
[WhiteElo "2137"]
[BlackElo "2372"]
[PlyCount "78"]
[EventDate "2008.04.21"]
[EventRounds "11"]
[EventCountry "BUL"]

1.e4 e5 2.Nf3 Nc6 3.Bc4 Bc5 4.c3 Nf6 5.d3 d6 6.Bb3 h6 7.h3 a6 8.Nbd2 Be6 9.Nc4
O-O 10.O-O b5 11.Ne3 d5 12.exd5 Nxd5 13.d4 exd4 14.Nxd4 Nxd4 15.cxd4 Bb6 16.Qf3
Nxe3 17.fxe3 Bxb3 18.axb3 f5 19.Bd2 c5 20.d5 Qd6 21.Bc3 Bc7 22.Qf4 Qe7 23.Qf3 b4
24.Bd2 Qe5 25.Qf4 Qxf4 26.exf4 Rfd8 27.Be3 Rxd5 28.Rfd1 Rad8 29.Rxd5 Rxd5
30.Rxa6 Rd3 31.Bxc5 Rxb3 32.Ra4 Rxb2 33.Rxb4 Rxb4 34.Bxb4 Bxf4 35.Kf2 Kf7 36.Bc3
Bg5 37.Kf3 g6 38.Bb2 Ke6 39.g4 fxg4+

[Event "9th EUROPEAN  INDIVIDUAL  WOME"]
[Site "Plovdiv, Bulgaria"]
[Date "2008.04.24"]
[Round "4"]
[Board "1"]
[White "Ionica, Iulia Ionela"]
[Black "Peng, Zhaoqin"]
[Result "0-1"]
[WhiteElo "2278"]
[BlackElo "2455"]
[PlyCount "70"]
[EventDate "2008.04.21"]
[EventRounds "11"]
[EventCountry "BUL"]

1.e4 e6 2.d3 d5 3.Qe2 Ne7 4.Nf3 c5 5.g3 Nbc6 6.c3 g6 7.Bg2 Bg7 8.O-O h6 9.h4 b6
10.Re1 a5 11.e5 Ba6 12.Bf4 Nf5 13.Nbd2 b5 14.Nb3 Bf8 15.d4 b4 16.Qd2 c4 17.Nc1
Be7 18.Ne2 a4 19.g4 Nxh4 20.Bxh6 Nxf3+ 21.Bxf3 a3 22.Be3 axb2 23.Qxb2 Rb8 24.Qc2
Qa5 25.Kg2 bxc3 26.Rh1 Kd7 27.Nxc3 Nb4 28.Qd2 Rxh1 29.Rxh1 Nd3 30.Nd1 Bb4 31.Qc2
Ne1+ 32.Rxe1 Bxe1 33.Bc1 c3 34.Ne3 Bd2 35.Nd1 Qb4

[Event "9th EUROPEAN  INDIVIDUAL  WOME"]
[Site "Plovdiv, Bulgaria"]
[Date "2008.04.24"]
[Round "4"]
[Board "1"]
[White "Tarasova, Viktoriya"]
[Black "Collas, Silvia"]
[Result "1-0"]
[WhiteElo "2276"]
[BlackElo "2395"]
[PlyCount "63"]
[EventDate "2008.04.21"]
[EventRounds "11"]
[EventCountry "BUL"]

1.d4 Nf6 2.c4 c5 3.d5 b5 4.cxb5 a6 5.bxa6 g6 6.Nc3 d6 7.Nf3 Bxa6 8.e4 Bxf1
9.Kxf1 Nbd7 10.g3 Bg7 11.Kg2 O-O 12.Re1 Qb6 13.a4 Rfb8 14.Nb5 Ne8 15.Bd2 Bxb2
16.Rb1 Bg7 17.a5 Qa6 18.Qa4 Rb7 19.Na3 Ne5 20.Nxe5 Bxe5 21.Rxb7 Qxb7 22.Rb1 Qa6
23.Nc4 Bd4 24.Rb6 Qc8 25.Qc6 Qd8 26.Rb7 e6 27.dxe6 fxe6 28.f3 Rc8 29.Qb6 Qxb6
30.Nxb6 Rc7 31.a6 Kf7 32.a7